|
|
|
|
| LEADER |
02375nam a2200421 a 4500 |
| 001 |
33259 |
| 003 |
BD-DhAAL |
| 005 |
20250625145001.0 |
| 008 |
180707t2001 nyua b 001 0 eng d |
| 010 |
|
|
|a 00136719
|
| 020 |
|
|
|a 0870700138 (MoMA, T&H)
|
| 020 |
|
|
|a 9780870700132
|
| 020 |
|
|
|a 0810962179 (abrams)
|
| 020 |
|
|
|a 9780810962170
|
| 035 |
|
|
|a (OCoLC)46491049
|
| 040 |
|
|
|a RVE
|c DLC
|d RVE
|d DPL
|d PMC
|d MUQ
|d BTCTA
|d YDXCP
|d TTU
|d BAKER
|d AU@
|d CRU
|d MYG
|d OrLoB-B
|d BD-DhAAL
|
| 042 |
|
|
|a lccopycat
|
| 049 |
|
|
|a MYGG
|
| 050 |
0 |
0 |
|a HF5521.W67 2001
|
| 082 |
0 |
4 |
|a 745.2
|2 21
|
| 245 |
0 |
0 |
|a Workspheres :
|b design and contemporary work styles /
|c edited by Paola Antonelli.
|
| 246 |
3 |
|
|a Work spheres
|
| 246 |
3 |
|
|a Design and contemporary work styles
|
| 260 |
|
|
|a New York, N.Y. :
|b Museum of Modern Art :
|b Dstributed by Harry N. Abrams,
|c c2001.
|
| 300 |
|
|
|a 223 pages :
|b color illustrations ;
|c 27 cm.
|
| 500 |
|
|
|a "Published on the occasion of the exhibition 'Workspheres', organized by Paola Antonelli, Curator, Department of Agriculture and Design, The Museum of Modern Art, New York, February 8-April 22, 2001"--Verso t.p.
|
| 504 |
|
|
|a Includes bibliographical references and index.
|
| 505 |
0 |
0 |
|t Workspheres /
|r Paola Antonelli --
|t Work Waves /
|r Larry Keeley --
|t The Office: 1950 to the Present /
|r Christopher Budd --
|t Designing the Space of Flows /
|r John Thackara --
|t Time: Change: Boundaries /
|r Aura Oslapas --
|t Tokyo, Seoul, Taipei, and Bangkok /
|r Kayoko Ota, Jim-hee Chang and Hui-Chi Chou /
|r [et al.] --
|t Interview with Bruce Mau /
|r Paola Antonelli --
|t Interview with Michael Brill /
|r Sarah Robins --
|t Interview with Francis Duffy /
|r Paola Antonelli --
|t Testimonials --
|t Workspheres: Six Commissioned Projects.
|
| 526 |
|
|
|a ARC
|
| 541 |
|
|
|a Department of Architecture
|b 33259
|
| 650 |
|
0 |
|a Office furniture
|x Design.
|9 26611
|
| 650 |
|
0 |
|a Industrial design.
|9 26612
|
| 700 |
1 |
|
|a Antonelli, Paola.
|9 26613
|
| 710 |
2 |
|
|a Museum of Modern Art (New York, N.Y.).
|b Department of Architecture and Design.
|9 26614
|
| 852 |
|
|
|a Department of Architecture
|c General Stacks
|
| 942 |
|
|
|2 ddc
|c BK
|
| 999 |
|
|
|c 39581
|d 39581
|
| 952 |
|
|
|0 0
|1 0
|2 ddc
|4 0
|6 745_200000000000000_WOR
|7 0
|9 63600
|a BRACUL
|b BRACUL
|c GEN
|d 2018-07-07
|e Department of Architecture
|l 1
|m 10
|o 745.2 WOR
|p 3010033259
|r 2025-08-26
|s 2025-06-23
|t 1
|w 2018-07-07
|y BK
|x Transferred from ARC to BRACUL on 28/12/2023
|